Alexander Veľký : život, doba a význam najväčšieho vojvodcu staroveku /
Gespeichert in:
| Hauptverfasser: | , |
|---|---|
| Körperschaft: | |
| Format: | Buch |
| Sprache: | Slowakisch |
| Veröffentlicht: |
Bratislava :
Perfekt, a.s.,
2018
|
| Ausgabe: | Prvé vydanie |
| Schlagworte: | |
| ISBN: | 9788080469009 |
| Online-Zugang: |
|
| Tags: |
Tag hinzufügen
Keine Tags, Fügen Sie den ersten Tag hinzu!
|
MARC
| LEADER | 00000nam a2200000 4500 | ||
|---|---|---|---|
| 003 | SK-BrCVT | ||
| 005 | 20230207160321.0 | ||
| 006 | aabloe 000 0b | ||
| 008 | 190320s2018 xo abloe 000 0bslo#d | ||
| 020 | |a 9788080469009 |q (viaz.) | ||
| 035 | |a CVTIDW0069857 | ||
| 040 | |a SNK |b slo |c CVT |e rda |d CVTI SR | ||
| 041 | 0 | |a slo | |
| 044 | |a xo |c SK | ||
| 080 | |a 929 |2 2011 | ||
| 080 | |a (497.7) |2 2011 | ||
| 080 | |a 929.731 |2 2011 | ||
| 080 | |a 94(3) |2 2011 | ||
| 080 | |a (092) |2 2011 | ||
| 100 | 1 | |a Habaj, Michal, |d 1983- |4 aut |4 pht | |
| 245 | 1 | 0 | |a Alexander Veľký : |b život, doba a význam najväčšieho vojvodcu staroveku / |c Michal Habaj, František Hříbal ; fotografie: Michal Habaj, František Hříbal, archív vydavateľstva Perfekt] |
| 250 | |a Prvé vydanie | ||
| 260 | |a Bratislava : |b Perfekt, a.s., |c 2018 | ||
| 300 | |a 358 s. : |b fotogr., lit., mapy, obr. ; |c 25 cm | ||
| 336 | |a text |b txt |2 rdacontent | ||
| 337 | |a bez média |b n |2 rdamedia | ||
| 338 | |a zväzok |b nc |2 rdacarrier | ||
| 600 | 0 | 7 | |a Alexander |b III., |c macedónsky kráľ, |d 356-323 pred Kr. |2 SNKMA |
| 648 | 7 | |a 4. storočie pred Kr. |2 SNKPH |9 49568 | |
| 650 | 0 | 7 | |a panovníci |2 SNKPH |
| 650 | 0 | 7 | |a Kings and rulers |2 SNKPHeng |
| 650 | 0 | 7 | |a starovek |2 SNKPH |
| 650 | 0 | 7 | |a Ancient history |2 SNKPHeng |
| 651 | 7 | |a Macedónsko |2 SNKPHgeo | |
| 651 | 7 | |a Macedonia |2 SNKPHeng | |
| 653 | 1 | |a životopis | |
| 655 | 7 | |a autobiografie, biografie |2 SNKPH |9 35165 | |
| 655 | 7 | |a Biography |2 SNKPHeng |9 35168 | |
| 700 | 1 | |a Hříbal, František |4 aut |4 pht | |
| 710 | 2 | |a Perfekt, vydavateľstvo (Bratislava, Slovensko) |4 pht | |
| 852 | |a CVTISR |b 1 | ||
| 901 | |a 1 Slovenská národná knižnica Martin (SNK) |b 20190320142926 |d clas01 |u z3950.snk.sk:1111 |i vtls011826916 |m 20190305083000.0 | ||
| 910 | |b A627531 | ||
| 919 | |a 978-80-8046-900-9 | ||
| 959 | |a 02 | ||
| 974 | |a katarina.repata |f Knihy |b cvti cvti | ||
| 992 | |a AAU | ||
| 992 | |a APH | ||
| 999 | |c 266612 |d 266612 | ||

